PROJECT SHERWOOD THE U.S PROGRAM IN CONTROLLED FUSION (Record no. 567082)
[ view plain ]
| 000 -LEADER | |
|---|---|
| fixed length control field | 00274nam a22001097a 4500 |
| 082 ## - DEWEY DECIMAL CLASSIFICATION NUMBER | |
| Classification number | 539.7 BIS'P |
| 100 ## - MAIN ENTRY--PERSONAL NAME | |
| Personal name | BISHOP, A.S |
| 9 (RLIN) | 56722 |
| 245 ## - TITLE STATEMENT | |
| Title | PROJECT SHERWOOD THE U.S PROGRAM IN CONTROLLED FUSION |
| 260 ## - PUBLICATION, DISTRIBUTION, ETC. | |
| Place of publication, distribution, etc. | 1958 |
| Name of publisher, distributor, etc. | ADDISON - WESLEY |
| Date of publication, distribution, etc. | USA |
| 300 ## - PHYSICAL DESCRIPTION | |
| Extent | 216P |
| 942 ## - ADDED ENTRY ELEMENTS (KOHA) | |
| Koha item type | Book |
| Withdrawn status | Lost status | Damaged status | Not for loan | Permanent Location | Current Location | Shelving location | Date acquired | Total Checkouts | Full call number | Barcode | Date last seen | Price effective from | Koha item type |
|---|---|---|---|---|---|---|---|---|---|---|---|---|---|
| College of Electrical & Mechanical Engineering (CEME) | College of Electrical & Mechanical Engineering (CEME) | General Stacks | 07/12/2017 | 539.7 BIS'P | CEME-4617 | 06/28/2021 | 06/28/2021 | Book |
